00000000nam 2200000za 4500
0019.674981
003CaOODSP
00520250505144607
007cr |||||||||||
008150407|2009||||xxc|||||o    f|0| 0 oji d
020 |a978-0-662-03306-6
040 |aCaOODSP|beng
043 |an-cn---
0861 |aPS4-69/2009Oji-PDF|zPS4-69/2009Roj-PDF
1101 |aCanada. |bPublic Safety Canada.
24510|aVictims of crime : |h[electronic resource]|bstaying informed.
250 |a[Ojibwa edition].
260 |aOttawa - Ontario : |bPublic Safety Canada |cc2009.
300 |a13p.
500 |aThe catalogue number (PS4-69/2009Roj) and ISBN (978-0-662-03305-9) for the print edition have been incorrectly copied in this electronic publication.
546 |aText in Ojibwa.
590 |a13-13-Supp|b2013-05-21
69007|aVictims|2gcpds
792 |tLes victimes d'actes criminels : |efre|w(CaOODSP)9.674982
85640|ahttp://publications.gc.ca|qPDF|s1.19 MB|uhttps://publications.gc.ca/collections/collection_2013/sp-ps/PS4-69-2009-oji.pdf